Brodie Henry

N/A


Categories

Literature - American46001204788.7001
Literature - British3500954783.1302
Literature - European3500954180.1300
Science - Physics1500653792.8301
History - European060060104115.6700
RMP - Philosophy06006093106.1700
History - Cross, Historiography, and Miscellaneous1400555196.4000
History - World2200504460.2501
History - American0400406493.5000
RMP - World Mythology0300309699.3300
Fine Arts - Painting03003078107.3300
Fine Arts - Music0300309699.3300
Fine Arts - Miscellaneous020020118120.0000
Science - Chemistry020020112117.0000
Fine Arts - Jazz02002087109.0000
Literature - World and Miscellaneous020020115116.5000
Science - Earth0200207376.0000
Fine Arts - Photography1000156666.0000
Fine Arts - Opera1000154545.0000
Social Science - Psychology0100105959.0000
Fine Arts - Ballet/Dance010010132132.0000
Geography - World0100109393.0000
Other - Other Academic and General Knowledge0100107979.0000
RMP - East Asian Religion010010116116.0000
RMP - Islam010010109109.0000
RMP - Jewish Practice010010127127.0000
Science - Engineering and Miscellaneous010010114114.0000
Science - Math0100107979.0000
Social Science - Economics0100108484.0000
Fine Arts - Architecture010010116116.0000
Science - Computer Science0100106767.0000
Science - Biology000000.0000
RMP - Greco-Roman Mythology000000.0000
Fine Arts - Sculpture000000.0000
RMP - Buddhism000000.0000

Buzzes

RMP - World MythologyHorus021
History - EuropeanRomania029
RMP - Jewish PracticeReform Judaism032
History - AmericanSandra Day O’Connor036
Science - Physicsphotoelectric effect2037
Literature - EuropeanDeath in Venice040
Literature - World and MiscellaneousPablo Neruda041
Literature - European“The Overcoat”2041
History - WorldParaguay2044
Fine Arts - OperaPhilip Glass2045